[Event "4NCL Online Division 5"]
[Site "online"]
[Date "2021.10.05"]
[EventDate "2021.10.05"]
[Round "4.163"]
[White "Bleeg, Elliott"]
[WhiteElo "1314"]
[WhiteTeam "Downend 2"]
[Black "Brewis, Alan"]
[BlackElo "1336"]
[BlackTeam "Hertford 3"]
[Result "1-0"]
[PlyCount "75"]

1. e4 d6 2. d4 Nf6 3. Nc3 e5 4. dxe5 dxe5 5. Qxd8+ Kxd8 6. Bg5 Be6 7. Bd3 Bd6 8. Nf3 a6 9. O-O Nd7 10. Be3 Nc5 11. Bxc5 Bxc5 12. Rad1 Bd6 13. Be2 Ke7 14. Nd5+ Nxd5 15. exd5 Bd7 16. c4 f6 17. Rd3 b5 18. Nd2 Rab8 19. b3 Bf5 20. Rg3 Bg6 21. Rc1 Ba3 22. Rd1 Bc5 23. h4 Kf7 24. Nf3 Bc2 25. Rd2 Bf5 26. h5 Bd6 27. Nh4 Bd7 28. Rc2 Bc5 29. cxb5 Bxb5 30. Rxc5 Bxe2 31. Rxc7+ Kf8 32. Rgxg7 Bxh5 33. Rxh7 Rxh7 34. Rxh7 Bf7 35. Ng6+ Bxg6 36. Rh8+ Kg7 37. Rxb8 Bb1 38. d6 1-0

[Event "4NCL Online Division 5"]
[Site "online"]
[Date "2021.10.05"]
[EventDate "2021.10.05"]
[Round "4.164"]
[White "Hurley, James"]
[WhiteElo "1272"]
[WhiteTeam "Hertford 3"]
[Black "Platt, Bella"]
[BlackElo "762"]
[BlackTeam "Downend 2"]
[Result "0-1"]
[PlyCount "44"]

1. e4 e5 2. Nf3 Nc6 3. Nc3 Nf6 4. Bc4 Bb4 5. a3 Bxc3 6. dxc3 O-O 7. Ng5 d6 8. Bxf7+ Rxf7 9. Ne6 Bxe6 10. O-O Nxe4 11. Qe2 d5 12. Qf3 Rxf3 13. gxf3 Ng5 14. h4 Nxf3+ 15. Kg2 Nxh4+ 16. Kg3 Nf5+ 17. Kh2 Qh4+ 18. Kg2 Rf8 19. Rh1 Qg4+ 20. Kh2 Nh4 21. Rg1 Rxf2+ 22. Kh1 Qh3# 0-1

[Event "4NCL Online Division 5"]
[Site "online"]
[Date "2021.10.05"]
[EventDate "2021.10.05"]
[Round "4.171"]
[White "Scully, Pat"]
[WhiteElo "1380"]
[WhiteTeam "Manaccan Maulers"]
[Black "Rasalingam, Rishi"]
[BlackElo "1167"]
[BlackTeam "Barnet Knights D"]
[Result "1-0"]
[PlyCount "57"]

1. e4 c5 2. Nf3 Nc6 3. Bb5 d6 4. d4 cxd4 5. Nxd4 Bd7 6. Nxc6 Bxc6 7. Bxc6+ bxc6 8. O-O Nf6 9. Nc3 g6 10. Re1 Bg7 11. Bd2 O-O 12. Qc1 Qb6 13. Bh6 Ng4 14. Bxg7 Qxf2+ 15. Kh1 Kxg7 16. Rf1 Qh4 17. h3 Nf2+ 18. Kg1 Nxe4 19. Rf4 Qg3 20. Nxe4 Qxf4 21. Qxf4 e5 22. Qf6+ Kg8 23. Nxd6 Rab8 24. Qxe5 Rfd8 25. Rf1 Rd7 26. Ne4 Rd5 27. Nf6+ Kf8 28. Nxd5 cxd5 29. Qxb8+ 1-0

[Event "4NCL Online Division 5"]
[Site "online"]
[Date "2021.10.05"]
[EventDate "2021.10.05"]
[Round "4.172"]
[White "Scheffel, Charlie"]
[WhiteElo "1183"]
[WhiteTeam "Barnet Knights D"]
[Black "Renshaw, Ian"]
[BlackElo "1442"]
[BlackTeam "Manaccan Maulers"]
[Result "0-1"]
[PlyCount "112"]

1. e4 e5 2. Bc4 Bc5 3. Nf3 Nc6 4. d3 Nf6 5. Be3 Bxe3 6. fxe3 d5 7. exd5 Nxd5 8. Qd2 Be6 9. e4 Nf4 10. O-O Bxc4 11. dxc4 Qxd2 12. Nbxd2 O-O-O 13. Rad1 f6 14. g3 Ne2+ 15. Kf2 Ned4 16. Nxd4 Nxd4 17. c3 Ne6 18. Nf3 Nc5 19. Ke3 Rxd1 20. Rxd1 Rd8 21. Rd5 b6 22. Nh4 c6 23. Rxd8+ Kxd8 24. Nf5 g6 25. Nh4 Na4 26. g4 Nxb2 27. c5 b5 28. Nf3 Na4 29. g5 Ke7 30. Kd3 Nxc5+ 31. Kc2 Nxe4 32. gxf6+ Kxf6 33. Kb3 a5 34. Ne1 Nc5+ 35. Kc2 e4 36. Ng2 Ke5 37. Ne3 Kf4 38. Kd2 Kf3 39. Nf1 h5 40. Ne3 Na4 41. Nc2 Nb2 42. Nd4+ Kf2 43. Nc2 Nc4+ 44. Kd1 Ne3+ 45. Nxe3 Kxe3 46. Kc2 Kf2 47. Kd1 e3 48. Kc1 e2 49. Kc2 e1=Q 50. Kd3 Qe3+ 51. Kc2 a4 52. c4 b4 53. a3 Qc3+ 54. Kb1 b3 55. c5 Qc2+ 56. Ka1 Qa2# 0-1

[Event "4NCL Online Division 5"]
[Site "online"]
[Date "2021.10.05"]
[EventDate "2021.10.05"]
[Round "4.173"]
[White "Taylor, Russell"]
[WhiteElo "1403"]
[WhiteTeam "Manaccan Maulers"]
[Black "Kuryan, Elizabeth"]
[BlackElo "990"]
[BlackTeam "Barnet Knights D"]
[Result "1-0"]
[PlyCount "76"]

1. d4 d5 2. c4 e6 3. e3 Nf6 4. Nc3 Be7 5. Bd3 a6 6. Nf3 dxc4 7. Bxc4 b5 8. Bd3 c5 9. dxc5 Bxc5 10. O-O O-O 11. a3 Bb7 12. Qc2 g6 13. Nd2 Qc7 14. Nde4 Ng4 15. g3 Qc6 16. f3 Nxe3 17. Bxe3 Bxe3+ 18. Kh1 f5 19. Nd2 Rd8 20. Nb3 Qd6 21. Rad1 Qb6 22. Qe2 Nd7 23. Na5 Qxa5 24. Qxe3 Qc7 25. Qxe6+ Kh8 26. Bc2 Ne5 27. Qf6+ Kg8 28. Bb3+ Nf7 29. Bxf7+ Qxf7 30. Rxd8+ Rxd8 31. Qxd8+ Kg7 32. Qd4+ Kg8 33. Kg1 Bc6 34. Qd6 Qb7 35. Rd1 Bxf3 36. Qd8+ Kg7 37. Rd7+ Qxd7 38. Qxd7+ Kh6 1-0

[Event "4NCL Online Division 5"]
[Site "online"]
[Date "2021.10.05"]
[EventDate "2021.10.05"]
[Round "4.174"]
[White "Morin, Julian"]
[WhiteElo "897"]
[WhiteTeam "Barnet Knights D"]
[Black "James, John"]
[BlackElo "1248"]
[BlackTeam "Manaccan Maulers"]
[Result "0-1"]
[PlyCount "138"]

1. c4 e6 2. d4 d5 3. c5 Nf6 4. Nc3 Bd7 5. Nf3 b6 6. cxb6 axb6 7. Ne5 Be7 8. Nxd7 Qxd7 9. e3 O-O 10. Bd3 c5 11. Be2 Nc6 12. Bd3 c4 13. Bc2 Nb4 14. Bb1 Qc6 15. a3 Na6 16. b4 cxb3 17. Qxb3 Nc7 18. Bb2 Rfb8 19. O-O Qc4 20. Qxc4 dxc4 21. Ba2 b5 22. Rfb1 Bxa3 23. Bxa3 Rxa3 24. Nxb5 Rxb5 25. Bxc4 Rxb1+ 26. Rxb1 g6 27. Rc1 Ncd5 28. Bxd5 Nxd5 29. h3 Kg7 30. Kh2 h5 31. Kg3 Kf6 32. Kf3 g5 33. g4 h4 34. Rc8 Ne7 35. Rh8 Ra2 36. Rh6+ Kg7 37. Rh5 Kg6 38. Rh8 Ra4 39. Re8 Nd5 40. Rg8+ Kf6 41. e4 Ra3+ 42. Kg2 Nf4+ 43. Kh2 Ra2 44. e5+ Ke7 45. Rxg5 Rxf2+ 46. Kg1 Rg2+ 47. Kh1 Rd2 48. Rg8 Nxh3 49. Rh8 Nf2+ 50. Kg1 Nxg4 51. Rxh4 Rxd4 52. Rh5 Rd5 53. Rg5 Nxe5 54. Kf2 Nd3+ 55. Ke3 Rxg5 56. Kxd3 f5 57. Ke3 e5 58. Kf3 f4 59. Ke4 Ke6 60. Kf3 Rf5 61. Ke2 f3+ 62. Kf2 e4 63. Ke1 f2+ 64. Kf1 e3 65. Ke2 f1=Q+ 66. Kxe3 Re5+ 67. Kd2 Qf3 68. Kc2 Re2+ 69. Kd1 Qf1# 0-1

[Event "4NCL Online Division 5"]
[Site "online"]
[Date "2021.10.05"]
[EventDate "2021.10.05"]
[Round "4.181"]
[White "Hodgson, Christopher"]
[WhiteElo "1764"]
[WhiteTeam "Bolton and Worsley 2"]
[Black "McCullagh, Tim"]
[BlackElo "1375"]
[BlackTeam "Wessex Some Stars H"]
[Result "1-0"]
[PlyCount "57"]

1. e4 d6 2. d4 Nf6 3. f3 Nbd7 4. c4 e5 5. d5 c6 6. Nc3 Be7 7. Be3 Qc7 8. Bd3 h6 9. Nge2 Nf8 10. O-O g5 11. Ng3 Ng6 12. Nf5 Bxf5 13. exf5 Nf4 14. Be4 Rg8 15. g3 Nh7 16. Qa4 Kd7 17. b4 Nf6 18. b5 Nxe4 19. fxe4 a5 20. Rab1 Nh3+ 21. Kg2 Nf4+ 22. Kh1 Nd3 23. dxc6+ bxc6 24. Rfd1 Nb4 25. a3 cxb5 26. Nxb5 Qxc4 27. Nxd6+ Kc7 28. Nxc4 Rgb8 29. Qd7# 1-0

[Event "4NCL Online Division 5"]
[Site "online"]
[Date "2021.10.05"]
[EventDate "2021.10.05"]
[Round "4.182"]
[White "Cuthbert, Larissa"]
[WhiteElo "1349"]
[WhiteTeam "Wessex Some Stars H"]
[Black "Lamb, Ian"]
[BlackElo "1638"]
[BlackTeam "Bolton and Worsley 2"]
[Result "0-1"]
[PlyCount "64"]

1. e4 c5 2. Nf3 d6 3. d4 cxd4 4. Nxd4 Nf6 5. Nc3 a6 6. f3 e5 7. Nb3 Be7 8. Be3 Be6 9. Nd2 Nbd7 10. Nc4 Qc7 11. Nd5 Bxd5 12. exd5 b5 13. Nd2 Nxd5 14. Ne4 Nxe3 15. Qd2 Nxc2+ 16. Kd1 Nxa1 17. Nc3 Rc8 18. b4 Qxc3 19. Qxc3 Rxc3 20. Kd2 Rc2+ 21. Kd3 Rxa2 22. Be2 Ra3+ 23. Kd2 Nb3+ 24. Kc2 Nd4+ 25. Kb2 Rb3+ 26. Ka2 Rxb4 27. Bd3 Nc5 28. Bb1 O-O 29. h4 Rc8 30. h5 Na4 31. Ka3 a5 32. Ba2 Nc2# 0-1

[Event "4NCL Online Division 5"]
[Site "online"]
[Date "2021.10.05"]
[EventDate "2021.10.05"]
[Round "4.183"]
[White "Busznyak, Arpad"]
[WhiteElo "1602"]
[WhiteTeam "Bolton and Worsley 2"]
[Black "Spirling, Florence"]
[BlackElo "1109"]
[BlackTeam "Wessex Some Stars H"]
[Result "1/2-1/2"]
[PlyCount "88"]

1. d4 d5 2. Bf4 Nf6 3. e3 Bf5 4. c4 c6 5. Nc3 e6 6. Qb3 Qb6 7. Nf3 Qxb3 8. axb3 Nbd7 9. c5 Be7 10. b4 O-O 11. b5 Rfc8 12. Be2 Nh5 13. Bg3 Nxg3 14. hxg3 h6 15. O-O Bf6 16. Ra4 cxb5 17. Nxb5 a6 18. Nd6 Rc7 19. b4 Rb8 20. b5 axb5 21. Bxb5 Bh7 22. Rc1 Be7 23. Bxd7 Rxd7 24. Ne5 Rc7 25. Ndxf7 Rf8 26. c6 bxc6 27. Ra6 Rxf7 28. Nxf7 Kxf7 29. Raxc6 Rxc6 30. Rxc6 Bd3 31. Rb6 Bc4 32. f3 Kg6 33. Rxe6+ Kf7 34. Rb6 Bf6 35. Kh2 h5 36. Kh3 g5 37. Rc6 Bb3 38. Kh2 g4 39. Kg1 Bc4 40. Kf2 Bb5 41. Rc5 Bc4 42. Ra5 Kg6 43. Ra1 Kg5 44. Rh1 Kg6 1/2-1/2

[Event "4NCL Online Division 5"]
[Site "online"]
[Date "2021.10.05"]
[EventDate "2021.10.05"]
[Round "4.184"]
[White "Wright, George A"]
[WhiteElo "1108"]
[WhiteTeam "Wessex Some Stars H"]
[Black "Houlston, Michael"]
[BlackElo "1435"]
[BlackTeam "Bolton and Worsley 2"]
[Result "1/2-1/2"]
[PlyCount "59"]

1. b3 e5 2. Bb2 Nc6 3. e3 d5 4. Bb5 e4 5. Ne2 Bg4 6. c4 Qg5 7. Nbc3 Nf6 8. Qc2 Bxe2 9. Nxe2 Bd6 10. O-O-O O-O 11. Bxc6 bxc6 12. Kb1 a5 13. c5 Be7 14. Nf4 Nd7 15. h4 Qf5 16. Rdg1 Nxc5 17. g4 Qd7 18. Nh5 g6 19. Nf6+ Bxf6 20. Bxf6 a4 21. Qxc5 axb3 22. Ba1 bxa2+ 23. Kc2 Rfb8 24. Qd4 Kf8 25. Qg7+ Ke7 26. Qf6+ Kf8 27. Qg7+ Ke7 28. Qf6+ Ke8 29. Qh8+ Ke7 30. Qf6+ 1/2-1/2

[Event "4NCL Online Division 5"]
[Site "online"]
[Date "2021.10.05"]
[EventDate "2021.10.05"]
[Round "4.191"]
[White "Blinkhorn, Joshua"]
[WhiteElo "1571"]
[WhiteTeam "Hebden Bridge 3"]
[Black "Tillett, Matthew"]
[BlackElo "1875"]
[BlackTeam "Streatham B"]
[Result "1/2-1/2"]
[PlyCount "170"]

1. e4 e5 2. Nf3 Nc6 3. Bc4 Nf6 4. d4 exd4 5. O-O Nxe4 6. Re1 d5 7. Bxd5 Qxd5 8. Nc3 Qd7 9. Nxe4 Be7 10. Bg5 O-O 11. Bxe7 Qxe7 12. Nxd4 Bd7 13. Qh5 Rfe8 14. Re3 g6 15. Qd1 Rad8 16. c3 Bf5 17. Ng3 Be6 18. Qa4 Nxd4 19. cxd4 a6 20. Rae1 Qd7 21. Qxd7 Bxd7 22. Ne4 Kg7 23. Nc5 Rxe3 24. Rxe3 Bc6 25. Rd3 b6 26. Nb3 Bd5 27. Nc1 Bc4 28. Rd2 c5 29. b3 Be6 30. Ne2 c4 31. bxc4 Bxc4 32. Nc3 b5 33. Ne4 a5 34. Nc5 Bd5 35. f3 a4 36. a3 Rc8 37. Kf2 f5 38. Ke3 b4 39. axb4 a3 40. Rd1 a2 41. Kd2 Ra8 42. Ra1 Rb8 43. Kc3 Kf7 44. Nb3 Ra8 45. b5 Ke7 46. Kb4 Kd6 47. Nc5 Kc7 48. Na6+ Kb6 49. Ka4 Re8 50. Ka3 Re2 51. Nb4 Re3+ 52. Kb2 Rb3+ 53. Kxa2 Rxb4+ 54. Ka3 Rxb5 55. Re1 Kc6 56. Re7 Rb7 57. Re8 Kb5 58. Re5 Kc4 59. f4 Kxd4 60. g3 Kc3 61. Re3+ Kd4 62. Re5 Rb1 63. Re2 Rb3+ 64. Ka4 Re3 65. Rd2+ Ke4 66. Kb4 Rd3 67. Re2+ Re3 68. Rd2 h6 69. Kc5 Be6 70. Rd6 Rc3+ 71. Kb4 Rb3+ 72. Kc5 Bg8 73. Rxg6 h5 74. Rxg8 Rb2 75. h4 Rg2 76. Kd6 Kf3 77. Ke5 Rxg3 78. Rh8 Rg4 79. Rxh5 Kg3 80. Rxf5 Rxh4 81. Rg5+ Kf3 82. f5 Re4+ 83. Kf6 Kf4 84. Rg8 Ra4 85. Re8 Ra5 1/2-1/2

[Event "4NCL Online Division 5"]
[Site "online"]
[Date "2021.10.05"]
[EventDate "2021.10.05"]
[Round "4.192"]
[White "Hanney, Matthew"]
[WhiteElo "1800"]
[WhiteTeam "Streatham B"]
[Black "Marsden, Christopher"]
[BlackElo "1599"]
[BlackTeam "Hebden Bridge 3"]
[Result "1-0"]
[PlyCount "41"]

1. e4 e5 2. Nc3 Nf6 3. f4 Nc6 4. fxe5 Nxe5 5. d4 Ng6 6. e5 Ng8 7. Nf3 Bb4 8. Bd2 N8e7 9. Bc4 O-O 10. O-O d6 11. exd6 Bxd6 12. Ng5 Qe8 13. Nxf7 Rxf7 14. Bxf7+ Qxf7 15. Rxf7 Kxf7 16. Qf3+ Kg8 17. Ne4 Rb8 18. Nxd6 cxd6 19. Bb4 Nh4 20. Qb3+ Kh8 21. Bxd6 1-0

[Event "4NCL Online Division 5"]
[Site "online"]
[Date "2021.10.05"]
[EventDate "2021.10.05"]
[Round "4.193"]
[White "Catlow, Robert"]
[WhiteElo "1411"]
[WhiteTeam "Hebden Bridge 3"]
[Black "Grace, Matt"]
[BlackElo "1700"]
[BlackTeam "Streatham B"]
[Result "0-1"]
[PlyCount "57"]

1. d4 e6 2. Bf4 c5 3. e3 Qb6 4. Nf3 Qxb2 5. Nbd2 cxd4 6. exd4 Nf6 7. Bc4 Qa3 8. d5 Be7 9. Nd4 a6 10. O-O O-O 11. Re1 Bd6 12. Re3 Qc5 13. Bxd6 Qxd6 14. Ne4 Nxe4 15. Rxe4 b5 16. Bd3 Qxd5 17. Rh4 f5 18. Qh5 h6 19. Be2 Nc6 20. Rd1 Nxd4 21. Rhxd4 Qe5 22. Bf3 d5 23. g4 Bd7 24. Qh4 Rac8 25. gxf5 Qxf5 26. Bg4 Qf6 27. Qg3 Rxc2 28. f3 Rc1 29. Qc7 0-1

[Event "4NCL Online Division 5"]
[Site "online"]
[Date "2021.10.05"]
[EventDate "2021.10.05"]
[Round "4.194"]
[White "Chung, Michael"]
[WhiteElo "1643"]
[WhiteTeam "Streatham B"]
[Black "Sullivan, Terry"]
[BlackElo "1400"]
[BlackTeam "Hebden Bridge 3"]
[Result "1-0"]
[PlyCount "75"]

1. e4 e6 2. d4 d5 3. Bd3 c5 4. c3 cxd4 5. exd5 Qxd5 6. Nf3 Nc6 7. cxd4 Nxd4 8. Nxd4 Qxg2 9. Qf3 Qxf3 10. Nxf3 Nf6 11. Rg1 Bd7 12. Nc3 Rc8 13. Be3 Bb4 14. Rxg7 Rxc3 15. Ke2 Rc7 16. Ne5 Ba4 17. b3 Bc3 18. Rc1 Bxe5 19. bxa4 Rxc1 20. Bxc1 Ne4 21. Rg2 Nc3+ 22. Kf3 Nxa2 23. Ba3 Nc3 24. h4 Kd7 25. Rg1 Nxa4 26. Bb5+ Kc7 27. Bxa4 Rd8 28. Rc1+ Kb8 29. Be7 Rd4 30. Be8 f6 31. h5 Rh4 32. Bf7 h6 33. Rd1 a6 34. Rd8+ Kc7 35. Bxe6 Rxh5 36. Rc8+ Kb6 37. Rc1 Rh3+ 38. Bxh3 1-0

[Event "4NCL Online Division 5"]
[Site "online"]
[Date "2021.10.05"]
[EventDate "2021.10.05"]
[Round "4.201"]
[White "Singh, Hari"]
[WhiteElo "1317"]
[WhiteTeam "KCS U13B"]
[Black "Thompson, Richard G"]
[BlackElo "1474"]
[BlackTeam "Shropshire and Friends 7"]
[Result "0-1"]
[PlyCount "58"]

1. d4 e6 2. Nf3 f5 3. e3 Nf6 4. Bd3 Be7 5. Nbd2 O-O 6. b3 d6 7. Bb2 Nbd7 8. O-O b6 9. e4 fxe4 10. Nxe4 Bb7 11. Nxf6+ Bxf6 12. Qe2 Bxf3 13. Qxf3 Bxd4 14. Qe4 Bxb2 15. Qxh7+ Kf7 16. Qg6+ Ke7 17. Rae1 Bf6 18. Rxe6+ Kxe6 19. Re1+ Ne5 20. f4 Rb8 21. fxe5 dxe5 22. Bf5+ Ke7 23. Rxe5+ Kd6 24. Re6+ Kc5 25. Qh5 Qd4+ 26. Kf1 Qf4+ 27. Ke2 Bg5 28. b4+ Kd5 29. Bg4 Qd2# 0-1

[Event "4NCL Online Division 5"]
[Site "online"]
[Date "2021.10.05"]
[EventDate "2021.10.05"]
[Round "4.202"]
[White "Stocks, Foley"]
[WhiteElo "1480"]
[WhiteTeam "Shropshire and Friends 7"]
[Black "Gupta, Aarav G"]
[BlackElo "1276"]
[BlackTeam "KCS U13B"]
[Result "0-1"]
[PlyCount "66"]

1. e4 e5 2. Nc3 Nf6 3. f4 d6 4. Bc4 Be7 5. Nf3 Bg4 6. d3 a6 7. O-O Nc6 8. h3 Be6 9. Bb3 O-O 10. Qe1 Qd7 11. Qg3 Nh5 12. Qh2 exf4 13. Bxf4 Nxf4 14. Qxf4 Bf6 15. Rae1 Nd4 16. Qd2 Rfe8 17. e5 Nxf3+ 18. Rxf3 dxe5 19. Rfe3 Bg5 20. Ne4 Bxe3+ 21. Qxe3 Bxb3 22. axb3 Qd4 23. Qxd4 exd4 24. Nc5 Rxe1+ 25. Kh2 b6 26. Ne4 f5 27. Nd2 Re2 28. Nf3 c5 29. b4 Rxc2 30. bxc5 bxc5 31. b4 cxb4 32. Nxd4 Rf2 33. Kg3 Rd2 0-1

[Event "4NCL Online Division 5"]
[Site "online"]
[Date "2021.10.05"]
[EventDate "2021.10.05"]
[Round "4.203"]
[White "Ali, Shahyan"]
[WhiteElo "1253"]
[WhiteTeam "KCS U13B"]
[Black "Smith, Jonathan"]
[BlackElo "1445"]
[BlackTeam "Shropshire and Friends 7"]
[Result "0-1"]
[PlyCount "70"]

1. e4 e5 2. Nf3 Nc6 3. Nc3 Nf6 4. Bc4 h6 5. d3 d6 6. h3 Na5 7. Bb3 Nxb3 8. axb3 a6 9. Be3 Be7 10. Nb5 Bxh3 11. Nxd6+ cxd6 12. gxh3 O-O 13. Rg1 Kh8 14. Nh4 Nxe4 15. Nf5 Ng5 16. Qg4 Rg8 17. Nxe7 Qxe7 18. Bxg5 Qxg5 19. Qxg5 hxg5 20. Rxg5 Rge8 21. O-O-O f6 22. Rg3 g5 23. Rh1 Kg7 24. h4 Rh8 25. Rgg1 Kf7 26. hxg5 Rxh1 27. Rxh1 fxg5 28. Rh7+ Ke6 29. Rxb7 Rf8 30. Rb6 Rxf2 31. Rxa6 g4 32. Ra8 g3 33. Kd1 g2 34. Re8+ Kf7 35. Ke1 g1=Q# 0-1

[Event "4NCL Online Division 5"]
[Site "online"]
[Date "2021.10.05"]
[EventDate "2021.10.05"]
[Round "4.204"]
[White "Casewell, John M"]
[WhiteElo "1330"]
[WhiteTeam "Shropshire and Friends 7"]
[Black "Kou, Victor"]
[BlackElo "951"]
[BlackTeam "KCS U13B"]
[Result "1-0"]
[PlyCount "112"]

1. c4 e5 2. Nc3 Nf6 3. g3 c6 4. Bg2 d5 5. cxd5 cxd5 6. e3 Nc6 7. d3 Bb4 8. Ne2 O-O 9. O-O Bg4 10. f3 Be6 11. a3 Bc5 12. b4 Bb6 13. d4 exd4 14. exd4 Re8 15. Na4 Bc7 16. Bg5 h6 17. Bxf6 Qxf6 18. Rc1 Bf5 19. Nac3 Rad8 20. Re1 Bb6 21. Kh1 Nxd4 22. Nf4 Rxe1+ 23. Qxe1 Nc2 24. Nfxd5 Nxe1 25. Nxf6+ gxf6 26. Rxe1 Bf2 27. Rd1 Rxd1+ 28. Nxd1 Bd4 29. Bf1 Kf8 30. g4 Bc2 31. Be2 Ke7 32. Kg2 Kd6 33. Nf2 Bxf2 34. Kxf2 Ke5 35. Bc4 Bg6 36. Ke3 a6 37. f4+ Kd6 38. f5 Bh7 39. Bxf7 Ke5 40. Be6 b6 41. h4 h5 42. gxh5 Bxf5 43. Bg8 a5 44. bxa5 bxa5 45. h6 Bg6 46. h7 Bxh7 47. Bxh7 f5 48. Kf3 a4 49. h5 Kf6 50. Kf4 Kg7 51. Bg6 Kf6 52. Be8 Kg7 53. Bxa4 Kh6 54. Be8 Kg7 55. Kxf5 Kh6 56. a4 Kh7 1-0

[Event "4NCL Online Division 5"]
[Site "online"]
[Date "2021.10.05"]
[EventDate "2021.10.05"]
[Round "4.211"]
[White "Salter, Ivor"]
[WhiteElo "1590"]
[WhiteTeam "Shropshire and Friends 6"]
[Black "Amos, Katherine"]
[BlackElo "1295"]
[BlackTeam "Farnham C"]
[Result "1/2-1/2"]
[PlyCount "100"]

1. e4 d5 2. exd5 Nf6 3. d4 Qxd5 4. c4 Qd8 5. Nf3 Bg4 6. Be2 e6 7. O-O Bd6 8. Nc3 O-O 9. h3 Bh5 10. Bg5 Be7 11. Be3 c5 12. dxc5 Qxd1 13. Raxd1 Nc6 14. a3 Rfd8 15. Nb5 a6 16. Nc3 e5 17. b4 e4 18. Nd4 Bxe2 19. Ncxe2 Nxd4 20. Nxd4 Rac8 21. Nf5 Bf8 22. Nd4 h6 23. Rd2 g5 24. Rfd1 Nh7 25. f3 exf3 26. Nxf3 Rxd2 27. Rxd2 Bg7 28. Rd7 Bb2 29. Bd2 Bxa3 30. Rxb7 Nf6 31. Rb6 Ne4 32. Rxa6 Bb2 33. Rxh6 Nxd2 34. Nxd2 Bc3 35. Ne4 Bxb4 36. c6 Kg7 37. Rh5 Rxc6 38. Rxg5+ Kh6 39. Rf5 Rxc4 40. Ng3 Rc7 41. Kf2 Bc5+ 42. Kf3 Kg6 43. Rd5 Rc6 44. Ne4 Be7 45. g4 Ra6 46. Rd3 f5 47. gxf5+ Kxf5 48. Ng3+ Kg6 49. Kg4 Ra4+ 50. Kf3 Rh4 1/2-1/2

[Event "4NCL Online Division 5"]
[Site "online"]
[Date "2021.10.05"]
[EventDate "2021.10.05"]
[Round "4.212"]
[White "Warnock, Oliver"]
[WhiteElo "1294"]
[WhiteTeam "Farnham C"]
[Black "Bench, Fred"]
[BlackElo "1547"]
[BlackTeam "Shropshire and Friends 6"]
[Result "0-1"]
[PlyCount "120"]

1. d4 f5 2. e4 fxe4 3. Nc3 Nf6 4. Bg5 d5 5. Bxf6 exf6 6. Qh5+ g6 7. Qxd5 Qxd5 8. Nxd5 Bg7 9. Nxc7+ Kf7 10. Nxa8 Na6 11. Bxa6 bxa6 12. Nc7 Bb7 13. O-O-O Rc8 14. Nxa6 Bxa6 15. Nh3 Bd3 16. c3 Bh6+ 17. f4 exf3+ 18. Rd2 Bxd2+ 19. Kxd2 Bf5 20. Nf4 g5 21. Nd5 fxg2 22. Rg1 h5 23. Ne3 Be4 24. Nxg2 a5 25. b3 a4 26. Ne1 axb3 27. axb3 Ra8 28. Ke3 Bf5 29. Rg2 Ra3 30. Rb2 Be6 31. c4 Bxc4 32. Ke4 Rxb3 33. Rxb3 Bxb3 34. d5 Ke7 35. Nd3 Bc2 36. Kd4 Bxd3 37. Kxd3 Kd6 38. Ke4 h4 39. h3 Kc5 40. d6 Kxd6 41. Kf5 Kd5 42. Kg4 Ke5 43. Kf3 f5 44. Ke3 g4 45. hxg4 fxg4 46. Kf2 Kf4 47. Kg2 Ke3 48. Kh2 Kf3 49. Kg1 g3 50. Kh1 h3 51. Kg1 h2+ 52. Kh1 g2+ 53. Kxh2 Kf2 54. Kh3 g1=Q 55. Kh4 Kf3 56. Kh5 Kf4 57. Kh6 Kf5 58. Kh7 Qg5 59. Kh8 Kf6 60. Kh7 Qg7# 0-1

[Event "4NCL Online Division 5"]
[Site "online"]
[Date "2021.10.05"]
[EventDate "2021.10.05"]
[Round "4.213"]
[White "Jones, Andrew"]
[WhiteElo "1505"]
[WhiteTeam "Shropshire and Friends 6"]
[Black "Franklin, Tony"]
[BlackElo "1274"]
[BlackTeam "Farnham C"]
[Result "1/2-1/2"]
[PlyCount "39"]

1. e4 d5 2. exd5 Nf6 3. Nf3 Bg4 4. Be2 Qxd5 5. O-O Nc6 6. c4 Qd6 7. Nc3 a6 8. d4 O-O-O 9. Be3 e6 10. a3 Nxd4 11. Nxd4 Qe5 12. Bxg4 Nxg4 13. Qxg4 Bd6 14. Nf3 h5 15. Nxe5 hxg4 16. Nxf7 Bxh2+ 17. Kh1 Bd6+ 18. Kg1 Bh2+ 19. Kh1 Bd6+ 20. Kg1 1/2-1/2

[Event "4NCL Online Division 5"]
[Site "online"]
[Date "2021.10.05"]
[EventDate "2021.10.05"]
[Round "4.214"]
[White "Warren, Orla"]
[WhiteElo "1146"]
[WhiteTeam "Farnham C"]
[Black "Holmes, Nick D"]
[BlackElo "1497"]
[BlackTeam "Shropshire and Friends 6"]
[Result "0-1"]
[PlyCount "54"]

1. d4 d5 2. Bf4 Nf6 3. e3 g6 4. Nc3 Bg7 5. Bd3 O-O 6. Qd2 Nbd7 7. e4 dxe4 8. Bxe4 Re8 9. Bh6 Nb6 10. h4 Nxe4 11. Nxe4 Bxd4 12. c3 Bg7 13. Qc1 Bf5 14. Ng3 Qd5 15. h5 Qe5+ 16. N1e2 Rad8 17. O-O Bg4 18. Nd4 Bxh5 19. Nxh5 Qxh5 20. Bxg7 Kxg7 21. Nf3 Nd5 22. c4 Nf6 23. Qc3 e5 24. Rae1 e4 25. Nd4 Kg8 26. Ne2 Ng4 27. Ng3 Qh2# 0-1

[Event "4NCL Online Division 5"]
[Site "online"]
[Date "2021.10.05"]
[EventDate "2021.10.05"]
[Round "4.221"]
[White "Townend, Ron"]
[WhiteElo "1541"]
[WhiteTeam "War & Piece Banner"]
[Black "Cule, Jurica"]
[BlackElo "1547"]
[BlackTeam "Guildford Castles 3"]
[Result "1-0"]
[PlyCount "45"]

1. d4 d5 2. c4 e6 3. Bf4 Bd6 4. Bg3 Nf6 5. Nc3 Bxg3 6. hxg3 b6 7. e3 Bb7 8. Nf3 Nbd7 9. Be2 Qe7 10. Qc2 dxc4 11. Bxc4 O-O-O 12. O-O c6 13. a4 Nd5 14. Rfc1 Kb8 15. a5 Qb4 16. Bxd5 exd5 17. axb6 Qxb6 18. Na4 Qb5 19. Nc5 Nxc5 20. dxc5 f6 21. Nd4 Qc4 22. Qd2 Qb4 23. Qxb4 1-0

[Event "4NCL Online Division 5"]
[Site "online"]
[Date "2021.10.05"]
[EventDate "2021.10.05"]
[Round "4.222"]
[White "Moreno Serrano, Carlos"]
[WhiteElo "1521"]
[WhiteTeam "Guildford Castles 3"]
[Black "Thomas, Jacob"]
[BlackElo "1481"]
[BlackTeam "War & Piece Banner"]
[Result "1/2-1/2"]
[PlyCount "106"]

1. c4 c5 2. Nc3 Nc6 3. g3 g6 4. Bg2 Bg7 5. e4 e5 6. Nge2 Nge7 7. O-O O-O 8. d3 d6 9. f4 f5 10. exf5 Bxf5 11. h3 exf4 12. Nxf4 Qd7 13. Kh2 Be5 14. g4 Be6 15. Nd5 Bxd5 16. cxd5 Nb4 17. Kh1 Bxf4 18. Bxf4 Nbxd5 19. Bxd5+ Nxd5 20. Qb3 Qc6 21. Bh6 Rf7 22. Rxf7 Kxf7 23. Rf1+ Ke7 24. Bg5+ Kd7 25. Kh2 Re8 26. Rf7+ Kc8 27. Rxh7 Re2+ 28. Kg3 a6 29. Rg7 Re6 30. Rg8+ Kc7 31. Bd8+ Kb8 32. Bb6+ Re8 33. Rxe8+ Qxe8 34. Qxd5 Qe3+ 35. Qf3 Qe5+ 36. Kg2 Qxb2+ 37. Kg3 Qxb6 38. Qf8+ Ka7 39. h4 d5 40. h5 gxh5 41. gxh5 c4 42. Qf2 cxd3 43. h6 d4 44. h7 Qg6+ 45. Kf3 Qxh7 46. Qxd4+ b6 47. Ke3 Qh3+ 48. Kd2 a5 49. a4 Qf3 50. Qd7+ Ka6 51. Qc8+ Qb7 52. Qc4+ b5 53. Qxd3 Qc6 1/2-1/2

[Event "4NCL Online Division 5"]
[Site "online"]
[Date "2021.10.05"]
[EventDate "2021.10.05"]
[Round "4.223"]
[White "Bailey, Duncan"]
[WhiteElo "1389"]
[WhiteTeam "War & Piece Banner"]
[Black "Garrood, Anthony"]
[BlackElo "1518"]
[BlackTeam "Guildford Castles 3"]
[Result "0-1"]
[PlyCount "80"]

1. c4 Nf6 2. Nc3 e6 3. e4 d5 4. e5 d4 5. exf6 dxc3 6. bxc3 Qxf6 7. Nf3 Nc6 8. d4 h6 9. Bd3 Be7 10. O-O O-O 11. Rb1 b6 12. d5 Ne5 13. Nxe5 Qxe5 14. Bb2 Bd6 15. g3 Bb7 16. Re1 Qf6 17. dxe6 fxe6 18. Rf1 Bc5 19. Qe2 Bf3 20. Qd2 Rad8 21. a4 Be4 22. Rbd1 Rxd3 23. Qxd3 Bxd3 24. Rxd3 Bxf2+ 25. Kg2 Qf5 26. Re3 Bxe3 27. Rxf5 Rxf5 28. Ba3 Rf2+ 29. Kh3 c5 30. g4 Ra2 31. Bxc5 Bxc5 32. Kg3 Rf2 33. a5 e5 34. axb6 axb6 35. h4 e4 36. h5 e3 37. Kh4 e2 38. g5 e1=Q 39. Kg4 Qg1+ 40. Kh3 Rh2# 0-1